书目信息 |
| 题名: |
磁性物理学
|
|
| 作者: | 宛德福 , 马兴隆 | |
| 分册: | ||
| 出版信息: | 成都 电子科技大学出版社 1994 |
|
| 页数: | 568页 | |
| 开本: | 20cm | |
| 丛书名: | ||
| 单 册: | ||
| 中图分类: | O441.2 | |
| 科图分类: | ||
| 主题词: | 电磁学 , 电动力学 | |
| 电子资源: | ||
| ISBN: | 7-81016-833-9 | |
| 000 | 00568nam0 2200205 450 | |
| 001 | 0735592734 | |
| 005 | 20070906095312.73 | |
| 010 | @a7-81016-833-9@d¥10.30 | |
| 100 | @a20070906d km y0chiy0120 ea | |
| 101 | 0 | @achi |
| 200 | 1 | @a磁性物理学@Aci xing wu li xue@f宛德福,马兴隆@Fwan de fu,ma xing long |
| 210 | @a成都@c电子科技大学出版社@d1994 | |
| 215 | @a568页@d20cm | |
| 606 | 0 | @a电磁学 |
| 606 | 0 | @a电动力学 |
| 690 | @aO441.2@v3 | |
| 701 | 0 | @a宛德福@Awan de fu |
| 701 | 0 | @a马兴隆@Ama xing long |
| 801 | 0 | @aCN@bPFT@c20070906 |
| 905 | @a213230@dO441.2@eP9@f1 | |
| 磁性物理学/宛德福,马兴隆.-成都:电子科技大学出版社,1994 |
| 568页;20cm |
| ISBN 7-81016-833-9:¥10.30 |
| ● |
| 相关链接 |
|
|
|
|
正题名:磁性物理学
索取号:O441.2/P9
 
预约/预借
| 序号 | 登录号 | 条形码 | 馆藏地/架位号 | 状态 | 备注 |
| 1 | 7200090 | 272000906 | 密集书库-物理学院/ [索取号:O441.2/P9] | 在馆 | |
| 2 | 7200091 | 272000915 | 物理系资料室/ [索取号:O441.2/P9] | 在馆 |